| 000 | 01339nam0a2200361 i 4500 | ||
|---|---|---|---|
| 001 | RU\NLR\BIBL_A\011108633 | ||
| 005 | 20241103042331.0 | ||
| 010 |
_a9785917615400 _95000 |
||
| 021 |
_aRU _b2016-29390 _91893 |
||
| 035 | _a(NILC)RuMoRGB-008276649 | ||
| 035 | _a(NLR Aleph) 011108633 | ||
| 090 |
_a11462103 _c11462103 |
||
| 100 | _a20160427d2016 um y0rusy50 ca | ||
| 101 | 0 | _arus | |
| 102 | _aRU | ||
| 105 | _aa|||z|||000zy | ||
| 200 | 1 |
_aВсенощное бдение _eзначение, история возникновения, смысл _fпрот. Михаил Браверман |
|
| 210 |
_aМосква _cНикея _d2016 |
||
| 215 |
_a111 с. _cил. _d21 |
||
| 225 | 1 | _aНикея о вере | |
| 300 | _aНа 110-й с. авт.: М. Браверман, магистр богословия | ||
| 606 |
_aВсенощное бдение _92076461 _3RU\NLR\AUTH\661251606 |
||
| 610 | 0 | _aВсенощное бдение | |
| 686 | 2 | _aЭ372.24-50 | |
| 700 | 1 |
_aБраверман _bМ. Л. _f1966- _gМихаил Леонидович _9160772 _3RU\NLR\AUTH\770160814 |
|
| 801 | 0 |
_aRU _bРГБ _c20160411 _gRCR |
|
| 801 | 2 |
_aRU _bРГБ _c20160415 _grcr |
|
| 801 | 1 |
_aRU _bРГБ _c20160411 _2rusmarc |
|
| 942 | _cBOOK | ||
| 980 | _aNBR | ||